000 00472 a2200181 4500
005 20260422125902.0
008 260422b |||||||| |||| 00| 0 eng d
020 _a9781138301474
_cRs. 895.00
040 _aMAIN
082 _a809.93358
_bB469L
100 _aBhabha, Homi K
245 _aLocation of culture
260 _bRoutledge
_aNew York
_c2024
300 _axxxi, 408
650 _aEnglish literature
650 _aPostcolouial Literary Criticism
942 _cBK
999 _c396476
_d396476